| 000 | 00929nam a2200277Ia 4500 | ||
|---|---|---|---|
| 001 | Para_3747 | ||
| 003 | CHAP | ||
| 008 | 220125s1954 xx 000 0 und d | ||
| 010 | _a202182 | ||
| 040 | _cCHAP | ||
| 090 | _aPA FOLLETO 965 | ||
| 100 |
_aAnderson, L. D _95596 |
||
| 245 |
_aSummary of vegetable and field crop insect and mite pest control in Southern California / _c L. D. Anderson, H. T. Reynolds and P. D. Gerhndt |
||
| 260 |
_aBerkeley, California : _b Citrus Experiment Station |
||
| 300 | _a16 h. | ||
| 440 |
_aCalifornia. Citrus Exp. Sta. New Letter; 65 _9167238 |
||
| 650 |
_aLegumbres _x California Legumbres _x Plagas Control de plagas _9167239 |
||
| 700 |
_aReunolds, H. T. Gerhardt, P. D. _9167240 |
||
| 901 | _aPA FOLLETO 965 | ||
| 902 | _aA | ||
| 905 | _a0000001954 BER 0000000000 00 | ||
| 910 | _a1954 | ||
| 942 | _cPARA | ||
| 942 |
_cPARA _d1 |
||
| 999 |
_c202182 _d202182 |
||